ნორმალური ფორმატი
MARC ფორმატი
ჩანაწერი Personal Name
ჩანაწერთა რაოდენობა, რომელიც გამოყენებულია: 1
001 - CONTROL NUMBER
- control field: 1827
003 - CONTROL NUMBER IDENTIFIER
- control field: GE_BSU
005 - DATE AND TIME OF LATEST TRANSACTION
- control field: 20190530141046.0
008 - FIXED-LENGTH DATA ELEMENTS
- fixed length control field: 190530|| aca||aabn | a|a d
040 ## - CATALOGING SOURCE
- Original cataloging agency: GE_BSU
- Transcribing agency: GE_BSU
100 ## - HEADING--PERSONAL NAME
- Personal name: ბრეგაძე, უ
- Relator term: შმდგენელი
670 ## - SOURCE DATA FOUND
- Source citation: Work cat.: (GE_BSU)39869: ლაბორატორიული სამუშაოები სასმელი და ჩამდინარე წყლების ქიმიასა და მიკრობიოლოგიაში : ნაწ.I. /
